000 00875nam a2200289Ia 4500
001 Para_8312
003 CHAP
008 220125s1914 xx 000 0 und d
010 _a207187
040 _cCHAP
082 _aPA-C 595.752 A6
100 _aDavidson, W. M.
_931193
245 _aWalnut aphides in California /
_c by W.M. Davidson
260 _aWashington :
_b USDA
300 _a48 p.
440 _aAphidae; 10 Bulletin of the USDA; 100
_9173685
500 _aEncuadernado con otros impresos similares
650 _a
_x Afididos
_x Colecciones de escritos
_x Nuez
_x plagas
_x Chromaphis juglandicola
_9173686
710 _aBulletin of the USDA; 100
_9173687
901 _aPA-C 595.752 A6
902 _aA
905 _a0000001914 0000000000 00
910 _a1914
942 _cPARA
942 _cPARA
_d1
999 _c207187
_d207187